Turkic Speaking Cities Map Quiz - Statistics

General Stats
  • This quiz has been taken 488 times
  • The average score is 20 of 36
Answers on the Map
Answers color-coded by a green-red scale on the quiz's map according to % correct below.
 
Answer Stats
Answer % Correct
Istanbul
96%
Ankara
91%
Izmir
91%
Baku
90%
North Nicosia
88%
Antalya
77%
Ashgabat
76%
Nursultan (Astana)
74%
Bursa
73%
Bishkek
72%
Urumqi
72%
Edirne
70%
Almaty
69%
Tashkent
65%
Yakutsk
65%
Adana
64%
Gaziantep
64%
Konya
55%
Tabriz
55%
Samarkand
54%
Osh
49%
Ganja
47%
Kashgar
44%
Shymkent
44%
Bukhara
43%
Erzurum
43%
Kayseri
43%
Altay
41%
Eskişehir
40%
Ardabil
33%
Shirvan
30%
Zanjan
27%
Karagandy
24%
Semey
18%
Marand
13%
Mingecevir
12%
No matching quizzes found
Score Distribution
Percent of People with Each Score
Percentile by Number Answered
Your Score History
You have not taken this quiz